000 00665nam a2200229 i 4500
001 136643
003 ES-MaACL
005 20250717094524.0
007 t|
008 070214s1968 sp r ||||1| spa d
080 _a618.1
100 1 _aSafford, Henry Barnard.
_9101394
245 1 3 _aLo que toda mujer debe saber /
_cHenry Barnard Safford ; traducción de Ernesto Mascaró.
250 _a3ª ed.
260 _aMadrid :
_bDaimon,
_c1968.
300 _a269 p. :
_bil. ;
_c19 cm.
650 4 _aGinecología.
_913119
650 7 _aObstetricia
_2embne
_915676
700 1 _aMascaró, Ernesto.
_978682
852 4 _aES-MaACL
_jC-51602
999 _c136643
_d136643